000 00314nam a22001457a 4500
008 230830b ||||| |||| 00| 0 eng d
020 _a9780970639462
041 _aeng
080 _a7
082 _a7
100 _a19
101 _aART
245 _aTHE OCTOBER CYCLE 2000-2002
_cSIEDELL.A.D
942 _2udc
_cBK
999 _c60207
_d60207